000 00688cam a2200193 i 4500
999 _c7722
_d7722
003 OSt
005 20200513132843.0
008 140912s2014 enka b 001 0 eng
010 _a 2014495181
020 _a9781859465295 (pbk.)
082 _a720.288
100 1 _aEvans, Nick Lee,
_eauthor.
245 1 3 _aAn introduction to architectural conservation :
_bphilosophy, legislation & practice /
_cNick Lee Evans.
300 _aviii, 125 pages :
_billustrations ;
_c25 cm
504 _aIncludes bibliographical references and index.
650 0 _aArchitecture
_xConservation and restoration
_zGreat Britain.
650 0 _aHistoric buildings
_xGovernment policy
_zGreat Britain.
942 _2ddc